El asno vestido de leon : (Record no. 23279)

MARC details
000 -LEADER
fixed length control field 01296cam a22003858a 4500
001 - CONTROL NUMBER
control field zdenvp b622287
003 - CONTROL NUMBER IDENTIFIER
control field OCoLC
005 - DATE AND TIME OF LATEST TRANSACTION
control field 20190830151517.0
008 - FIXED-LENGTH DATA ELEMENTS--GENERAL INFORMATION
fixed length control field 050816s2005 mnu b 000 0 spa
010 ## - LIBRARY OF CONGRESS CONTROL NUMBER
LC control number 2005023453
020 ## - INTERNATIONAL STANDARD BOOK NUMBER
International Standard Book Number 1404816208 (hard cover)
020 ## - INTERNATIONAL STANDARD BOOK NUMBER
International Standard Book Number 9781404816206 (hard cover)
035 ## - SYSTEM CONTROL NUMBER
System control number OCM62089774
040 ## - CATALOGING SOURCE
Original cataloging agency DLC
Transcribing agency DLC
Modifying agency BAKER
-- DPL
-- UtOrBLW
041 1# - LANGUAGE CODE
Language code of text/sound track or separate title spa
Language code of original eng
042 ## - AUTHENTICATION CODE
Authentication code pcc
-- lcac
050 10 - LIBRARY OF CONGRESS CALL NUMBER
Classification number PZ74.2
Item number .B525 2005
082 00 - DEWEY DECIMAL CLASSIFICATION NUMBER
Classification number 398.2
-- E
Edition number 22
099 ## - LOCAL FREE-TEXT CALL NUMBER (OCLC)
Classification number jR2
-- B
-- SPANISH
100 1# - MAIN ENTRY--PERSONAL NAME
Personal name Blair, Eric.
240 10 - UNIFORM TITLE
Uniform title <a href="Donkey in the lion's skin.">Donkey in the lion's skin.</a>
Language of a work Spanish.
245 13 - TITLE STATEMENT
Title El asno vestido de leon :
Remainder of title version de la fabula de Esopo /
Statement of responsibility, etc. por Eric Blair ; ilustrado por Dianne Silverman ; traduccion, Patricia Abello.
260 ## - PUBLICATION, DISTRIBUTION, ETC. (IMPRINT)
Place of publication, distribution, etc. Minneapolis :
Name of publisher, distributor, etc. Picture Window Books,
Date of publication, distribution, etc. 2005.
300 ## - PHYSICAL DESCRIPTION
Extent 24 p. :
Other physical details col. ill. ;
Dimensions 22 cm.
490 1# - SERIES STATEMENT
Series statement Read-it! readers.
520 ## - SUMMARY, ETC.
Summary, etc. After putting on a lion disguise, a silly donkey amuses himself by frightening all of the animals in the forest until he meets a clever fox.
650 #1 - SUBJECT ADDED ENTRY--TOPICAL TERM
Topical term or geographic name as entry element Fables.
650 #1 - SUBJECT ADDED ENTRY--TOPICAL TERM
Topical term or geographic name as entry element Folklore.
650 #1 - SUBJECT ADDED ENTRY--TOPICAL TERM
Topical term or geographic name as entry element Spanish language materials.
700 1# - ADDED ENTRY--PERSONAL NAME
Personal name Silverman, Dianne,
Relator term ill.
700 1# - ADDED ENTRY--PERSONAL NAME
Personal name Abello, Patricia.
700 0# - ADDED ENTRY--PERSONAL NAME
Personal name Aesop.
830 #0 - SERIES ADDED ENTRY--UNIFORM TITLE
Uniform title Read-it! readers.
942 ## - ADDED ENTRY ELEMENTS (KOHA)
Koha item type Libro/Book
Source of classification or shelving scheme Dewey Decimal Classification
Holdings
Withdrawn status Lost status Source of classification or shelving scheme Damaged status Not for loan Home library Current library Date acquired Total Checkouts Total Renewals Full call number Date last seen Date checked out Price effective from Koha item type
    Dewey Decimal Classification     San Juan Del Sur -- Mobile San Juan Del Sur -- Mobile 17/01/2015 6   398.2 16/11/2020 22/10/2015 17/01/2015 Libro/Book

Powered by Koha